|
|
|
|
| LEADER |
00927nab#a2200301#ar4500 |
| 001 |
000000507 |
| 003 |
SVKKK |
| 005 |
00000000000000.0 |
| 008 |
c xo e engo |
| FMT |
|
|
|
| 038 |
|
|
|a SVKKK
|
| 040 |
|
|
|a SVKKK
|b slo
|e AACR2
|
| 041 |
0 |
|
|a eng
|
| 044 |
|
|
|a xo
|c SK
|
| 080 |
|
|
|a 061.3(497.223
|2 1981
|
| 080 |
|
|
|a 5
|2 1981
|
| 242 |
1 |
|
|b Prvé subregionálne stretnutie
|
| 242 |
1 |
0 |
|a Ochrana geologickej pozostalosti v juhovýchodnej Európe
|
| 245 |
0 |
0 |
|a Conservation of geological heritage in South-East Europe :
|b First subregional meeting
|
| 650 |
0 |
4 |
|a Európska asociácia pre ochranu geologického dedičstva (stretnutie)
|z Sófia (Bulharsko)
|x 5.-13. máj 1994
|x informácie
|
| 773 |
0 |
|
|t Geologica Carpathica
|x 0016-7738
|g Roč. 45, č. 6(1994), dát. december, s. 374
|
| 958 |
|
|
|a MS
|
| 958 |
|
|
|a NP
|
| 974 |
|
|
|d 950425
|a 244
|
| 992 |
|
|
|a RBX
|
| BAS |
|
|
|
| 852 |
|
|
|a SVKKK
|b BIB
|
| 998 |
|
|
|a GEO
|